[Event "2016 Banff Open"]
[Site "Banff"]
[Date "2016.11.11"]
[Round "2.3"]
[White "Haessel, Dale"]
[Black "Kobalenko, Jerry"]
[Result "0-1"]
[WhiteElo "2264"]
[BlackElo "1927"]
[PlyCount "62"]
[EventDate "2016.11.11"]
[EventType "swiss"]
[EventRounds "6"]
[EventCountry "CAN"]
[SourceDate "2016.04.20"]

1. d4 Nf6 2. c4 g6 3. Nc3 Bg7 4. e4 d6 5. Be2 O-O 6. Be3 e5 7. d5 Ne8 8. g4 f5
9. gxf5 gxf5 10. Nf3 ({Another promising direction is} 10. exf5 $5 {with a
different pawn structure.}) 10... f4 11. Bd2 Kh8 12. Qc2 a5 13. O-O-O Na6 14.
Rdg1 Nc5 15. h4 Bd7 16. h5 {White's following plan ends up working in Black's
favor.} ({Instead,} 16. Ne1 $5 {intending to exchange the c5-knight deserves
attention.}) 16... Bh6 17. Nh2 Nf6 18. Ng4 Nxg4 19. Bxg4 Bxg4 20. Rxg4 Rg8 21.
Rxg8+ Qxg8 {Exchanges have improved Black's position a lot, and he has also
seized control of the g-file. White must now switch to defence.} 22. Nb5 $2 {
This sortie leads to trouble.} ({It is essential for White to find the
following line:} 22. f3 $1 Qg2 23. Qd1 {The point is that} Nd3+ 24. Kc2 Nf2 $2
{doesn't work in view of} 25. Rg1 Nxd1 26. Rxg2 Nxc3 27. Bxc3 {with a much
better endgame for the first player.}) 22... Qg2 23. Re1 Qxf2 24. Nxc7 Rc8 {
Good enough for decisive advantage but there is an even stronger alternative.}
(24... Rg8 $1 {turns out to be lethal.} {The threat of Rg2 is hard to parry;
in case of} 25. Bc3 f3+ 26. Kb1 Qxc2+ 27. Kxc2 f2 28. Rf1 Rg1 {the white king
suddenly walks into a checkmate:} 29. Rxf2 Rc1#) 25. Nb5 f3 26. Kd1 Qxd2+ $2 ({
It turns out that} 26... Qg2 $1 {clearing the way for the pawn wins on the
spot.} {White has nothing better than} 27. Bxh6 f2 28. Qe2 {then} fxe1=Q+ 29.
Kxe1 Qh1+ {etc.}) 27. Qxd2 Bxd2 28. Kxd2 f2 29. Rf1 Nxe4+ 30. Kd3 Rxc4 $1 31.
Rxf2 $2 {blundering a piece.} ({Instead, after} 31. Kxc4 Nd2+ 32. Kd3 Nxf1 33.
Ke2 Ne3 34. Kxf2 Nf5 {Black is up a pawn but has got work to do to convert.})
31... Rb4 0-1

[Event "2016 Banff Open"]
[Site "Banff"]
[Date "2016.11.12"]
[Round "3.1"]
[White "Kobalenko, Jerry"]
[Black "Sasata, Robert"]
[Result "1-0"]
[WhiteElo "1927"]
[BlackElo "2341"]
[PlyCount "91"]
[EventDate "2016.11.11"]
[EventType "swiss"]
[EventRounds "6"]
[EventCountry "CAN"]
[SourceDate "2016.04.20"]

1. Nf3 Nf6 2. g3 c5 3. Bg2 Nc6 4. d4 e6 5. O-O d5 6. b3 cxd4 7. Nxd4 Bc5 8. Bb2
Qb6 9. e3 Bd7 10. a3 Rc8 11. Nxc6 Bxc6 12. Nd2 Be7 13. Bd4 Qc7 14. c4 O-O 15.
Qe2 dxc4 16. Bxc6 Qxc6 17. Nxc4 Qb5 18. Rfb1 b6 19. a4 Qb4 20. Qb2 Rfd8 {
After 20 moves of play the position looks normal and approximately equal.} 21.
f3 $6 {Voluntarily weakening his own king.} ({Instead, rearranging the rooks
by means of} 21. Rd1 Ne8 22. Rac1 {is logical.}) 21... h5 ({Immediate} 21...
Ne8 {is preferrable.}) 22. Kf2 {Steinitz would have been delighted but this
king's centralization doesn't look right.} Ne8 23. Bc3 Qc5 24. Bd4 Qf5 25. Rd1
$6 {Looks natural but the rook had to go to c1 instead.} Bf6 ({Black misses a
chance to play} 25... Nd6 $1 {threatening to jump to e4 or to take on c4.} {
Here} 26. Nxd6 $2 {doesn't work in view of} Rc2+ 27. Kg1 Rxd6 $1 28. Qb1 Rdc6 {
with deadly threats.}) 26. e4 $1 {Forcing favorable simplifications.} Bxd4+ 27.
Qxd4 Rxd4 ({Black can try} 27... Qh3 {but after} 28. Qxd8 Rxd8 29. Rxd8 Qxh2+
30. Ke3 Kf8 31. Rad1 Qxg3 32. Ra8 {White's active rooks will be a big nuisance.
}) 28. exf5 Rxd1 29. Rxd1 exf5 30. Rd7 Rc7 31. Rxc7 Nxc7 32. Nd6 {Black will
not be able to hold on to his extra pawn, so the endgame should be a draw.} Ne6
$6 ({The computer recommends} 32... f4 $5 {intending to split White's
queenside pawns. After} 33. gxf4 (33. Nc8 fxg3+ 34. Kxg3 Nd5 35. Nxa7 f6 {
is also OK for Black}) 33... Nd5 {the position is drawn.}) 33. Nc8 {Now Black
has problems with his queenside that he was unable to solve.} a5 34. Nxb6 Nc5
35. Ke3 Nxb3 36. Kd3 f4 37. gxf4 Kf8 38. Kc3 Nc5 $2 {Black's desire to defend
the a5-pawn gives White a crucial tempo.} ({The best chance is} 38... Nc1 $5
39. Kc4 Ke7 40. Kb5 Kd6 41. Nc4+ Kc7 42. Nxa5 Ne2 {and the game is far from
being over.}) 39. Kc4 Nb7 ({The last chance is} 39... Ne6 40. Kb5 Ke7 41. Nc4
Kd7 {bringing the king to the queenside.} {White's position still looks pretty
good though after a plausible} 42. Ne5+ Kc7 43. Nxf7 Nxf4 44. Kxa5) 40. Kb5 Ke7
41. Nc4 Ke6 42. Kb6 Nd8 43. Nxa5 Kf5 44. Nc6 Ne6 45. a5 Nxf4 46. a6 1-0

[Event "2016 Banff Open"]
[Site "Banff"]
[Date "2016.11.12"]
[Round "4.1"]
[White "Kobalenko, Jerry"]
[Black "Findlay, Ian"]
[Result "1-0"]
[WhiteElo "1927"]
[BlackElo "2319"]
[PlyCount "131"]
[EventDate "2016.11.11"]
[EventType "swiss"]
[EventRounds "6"]
[EventCountry "CAN"]
[SourceDate "2016.04.20"]

1. Nf3 Nf6 2. g3 d5 3. Bg2 e6 4. O-O Be7 5. b3 O-O 6. Bb2 c5 7. d4 Nc6 8. Nbd2
b6 9. c4 Bb7 10. e3 Rc8 11. Ne5 cxd4 12. exd4 dxc4 13. Ndxc4 b5 $1 {A good
novelty.} (13... Nd5 {was played before, which is less energetic.}) 14. Nxc6 $6
{Inaccurate.} ({White's best is} 14. Ne3 {keeping pieces on the board.}) ({
If he does want exchanges, the way to do it is} 14. Bxc6 Bxc6 15. Nxc6 Rxc6 16.
Ne5 {etc.}) 14... Bxc6 15. Bxc6 $6 (15. Ne3 {is still relatively best.}) {
Now Black takes advantage of the opponent's inaccuracies.} 15... bxc4 $1 16.
Bf3 c3 {This strong passer gives Black a significantly better position.} 17.
Bc1 Nd5 18. a3 a5 19. Qc2 Qb6 20. Rd1 Rfd8 21. Rd3 Bf6 22. Be3 $2 ({Black's
last two moves gave White a chance to bail out with} 22. Bxd5 $1 Rxd5 23. Be3
Bxd4 24. Bxd4 Rxd4 25. Rxc3 {simplifying into an almost equal endgame.}) 22...
Nxe3 23. fxe3 e5 24. d5 e4 $1 25. Bxe4 Re8 26. Bf5 Rxe3 ({The computer
advocates} 26... Rcd8 $5 {even though it gives White time for} 27. Re1) 27. Qf2
$2 {White is trying to be tricky but this move should lose the game.} ({
Relatively best is} 27. Rxe3 {although White's position remains unpleasant
after a plausible} Qxe3+ 28. Kg2 Re8) 27... Rxd3 $2 {Black must have
overlooked something.} ({He should play} 27... c2 $1 {first hitting the rook
on a1. Then after} 28. Rc1 Rxd3 29. Qxb6 Bd4+ {works well.}) (27... Rce8 {
is not bad either as White remains on the ropes after} 28. Rxe3 Rxe3) 28. Qxb6
Bd4+ 29. Qxd4 Rxd4 30. Bxc8 c2 31. Bg4 $1 {This may be the resource that Black
missed in his calculations.} Rxg4 $2 ({It is time to secure half a point by
means of} 31... a4 $1 {After} 32. bxa4 Rxg4 33. Rc1 Rc4 {Black holds on to the
c2-pawn for a few moves. The position is drawn as White's pawns are too weak.})
32. Rc1 Kf8 33. Rxc2 Rd4 34. Rc5 a4 35. bxa4 Rxa4 36. d6 $1 {An excellent try.}
Ke8 37. Re5+ Kd7 38. Re7+ Kxd6 39. Rxf7 g5 40. Rf3 Ke5 {Black has good drawing
chances but was unable to hold this ending.} 41. Rb3 h5 42. h3 Rc4 (42... g4 $5
{intending to exchange pawns may be a draw right there.} 43. h4 Ra5 {is not
dangerous for Black.}) 43. Re3+ Kf5 44. Kf2 h4 45. g4+ Kf4 46. Rf3+ Ke4 47. Kg2
Ra4 $2 ({Why not} 47... Rc2+ 48. Rf2 Rc4 {?} 49. Rb2 {may be answered by} Ke3 {
and White cannot make progress.}) 48. Rb3 $1 Ke5 49. Kf2 Kf6 50. Ke2 Kg6 {
Things are quickly going downhill for Black from here.} 51. Kd2 Ra8 52. Kc3
Rc8+ 53. Kb2 Ra8 54. Rb4 Ra7 55. a4 Ra8 56. Ka3 Ra7 57. Rb5 Re7 58. a5 Re3+ 59.
Rb3 Re5 60. Ka4 Re4+ 61. Rb4 Re3 62. a6 Re1 63. Ka5 Ra1+ 64. Kb6 Re1 65. a7 Re8
66. Ra4 1-0

[Event "2016 Banff Open"]
[Site "Banff"]
[Date "2016.11.13"]
[Round "5.1"]
[White "Malek, Omid"]
[Black "Kobalenko, Jerry"]
[Result "1/2-1/2"]
[WhiteElo "2177"]
[BlackElo "1927"]
[PlyCount "90"]
[EventDate "2016.11.11"]
[EventType "swiss"]
[EventRounds "6"]
[EventCountry "CAN"]
[SourceDate "2016.04.20"]

1. d4 Nf6 2. Bg5 g6 3. Bxf6 exf6 4. e3 f5 5. g3 Bg7 6. Bg2 d5 7. Ne2 b6 $2 {
There is no such move in the database, and for a good reason.} 8. c4 $1 {
Certainly. White is going to win the d5-pawn soon.} c6 9. cxd5 cxd5 10. Nbc3
Bb7 11. Qb3 O-O 12. O-O Nc6 13. Qxd5 Qe7 14. Qb5 {White already has a decisive
advantage.} Na5 15. Bxb7 Qxb7 16. Qd5 Qe7 17. a3 Rfd8 18. Qg2 Nc4 19. b4 Rac8
20. Rfc1 a6 21. h4 b5 22. Kh2 Bh6 23. a4 Rb8 24. axb5 axb5 25. Nd5 Qd6 26. Nec3
Nd2 27. Ra7 Kg7 28. Rca1 Rdc8 29. R1a6 Rc6 30. Rxc6 Qxc6 31. Rc7 Qe6 32. Rc5
Qa6 33. f4 Nb3 34. Nc7 {Allowing Black to exchange the queenside pawns brings
him some relief.} ({Better is} 34. Rc7 $1 {maintaining a dominating position.})
34... Qa3 35. Rxb5 Rxb5 36. N7xb5 Qxb4 {Starting from here, White gradually
goes astray and ends up losing his extra pawn.} 37. d5 Nc5 38. Qd2 Kg8 39. d6
Nd7 40. Qg2 Bf8 41. e4 Bxd6 $2 {This natural move is actually a blunder.} ({
Correct is} 41... fxe4 42. Qxe4 Qc5 $1 {emphasizing the White's pieces are
tied up.}) 42. Nxd6 $2 {The final mistake.} ({Instead,} 42. Qd2 $1 {wins a
piece.} {Perhaps, Black counted on} Bc5 43. Qxd7 Qb2+ 44. Kh3 Bg1 {threatening
checkmate, and White understandably decided not to take any chances.} {In fact,
after} 45. exf5 $1 Qh2+ 46. Kg4 h5+ 47. Kg5 Qxg3+ 48. Kf6 Qxh4+ 49. Ke5 {
the king reaches safety, and then White's extra piece should tell.}) 42... Qxd6
43. e5 Qc5 44. Nd5 Kg7 45. Qd2 h5 {There is nothing left to play for.} 1/2-1/2

[Event "2016 Alberta Junior Championship"]
[Site "Edmonton"]
[Date "2016.11.19"]
[Round "1"]
[White "Fellah, Mohamad"]
[Black "Wang, Kaixin"]
[Result "1-0"]
[WhiteElo "2051"]
[BlackElo "1845"]
[PlyCount "91"]
[EventDate "2016.11.19"]
[EventType "tourn"]
[EventRounds "5"]
[EventCountry "CAN"]
[SourceDate "2016.04.20"]

{The most adventurous game of the tournament.} 1. e4 c5 2. Nf3 d6 3. d4 cxd4 4.
Nxd4 Nf6 5. Nc3 a6 6. f3 e5 7. Nb3 Be6 8. Be3 Be7 9. Qd2 O-O 10. O-O-O Nbd7 11.
g4 {Both players follow the main roads of the Najdorf.} Rc8 ({Here} 11... b5 {
is far more popular.}) 12. g5 Nh5 13. Rg1 Nb6 14. Qf2 $6 ({In such positions} 
14. Kb1 {is usually a good move. White doesn't fear} Nc4 15. Bxc4 {etc.}) 14...
Nc4 {Natural.} ({Nevertheless, Black has a very interesting resource} 14...
Rxc3 $5 15. Bxb6 Bxg5+ 16. Kb1 Bh4 $1 {He will end up with a slightly better
position when the dust settles.}) 15. Bxc4 Bxc4 16. Na5 $6 {Looks like a trap
that suddenly worked.} ({Michael Adams opted for a solid} 16. Kb1 {in his 2005
game against Alexander Grischuk.}) 16... Qxa5 $2 {Now the black queen will be
trapped.} ({Instead,} 16... Be6 $1 {leaves him with a slightly better position.
} {Here} 17. Nxb7 $2 Qc7 18. Na5 {doesn't work because the c4-square has
become available:} Qxa5 19. Bb6 Qb4 20. a3 Qc4 {and the queen returns home
unscathed.}) 17. Bb6 Qxc3 (17... Qb4 18. a3 {doesn't make much of a difference.
}) 18. bxc3 Nf4 {Black has a lot of positional compensation but still not
enough to offset the material deficit.} 19. Rg4 {White's idea to return some
material is correct but the execution isn't the best.} ({The computer advocates
} 19. Rge1 $5 Bxg5 20. Be3 {consolidating.}) 19... Bxa2 20. Kb2 Be6 21. Rxf4 $1
{It is indeed the right decision to eliminate this knight.} exf4 22. Bd4 $2 {
But sacrificing the g5-pawn is not.} ({Correct is} 22. h4 $1 {keeping the
g5-pawn.}) 22... Bxg5 23. Rg1 f6 $1 {The only defence that White must have
underestimated.} 24. h4 Bh6 {Now he doesn't have any material advantage.} 25.
Rd1 Rc6 26. Bb6 Rfc8 27. Ba5 b6 28. Bb4 Rd8 (28... a5 $5 {looks more to the
point.} {I don't think that White would have gone for} 29. Bxd6 ({an
alternative is} 29. Ba3 {but Black can still play} Rxc3 30. Rxd6 Rxc2+ 31. Qxc2
Rxc2+ 32. Kxc2 {and here} Bh3 $1 33. Rxb6 Bg2 {gives him enough counterplay
for a draw.}) 29... Rxc3 30. Qxb6 Rxc2+ 31. Ka1 {exposing his own king to the
maximum.}) 29. Rd4 Kf7 30. Qd2 {What to do now?} Ke7 $2 ({Black has to let the
d6-pawn go:} 30... a5 31. Bxd6 Rdc8 {and he may still be OK.}) {Now White
finds a winning breakthrough:} 31. Qe2 $1 b5 32. e5 $1 fxe5 33. Qxe5 {The pin
decides the outcome of the game.} Kf7 34. Rxd6 Rdxd6 35. Bxd6 Rc4 36. Bc5 Ra4 {
White's attack is irresistible, and he finds a right way after a few moves.}
37. Qc7+ Kg6 38. Qe5 Kf7 39. Qh5+ Kf6 40. Bd4+ Ke7 41. Qc5+ Ke8 42. Qe5 Kf7 43.
h5 Rc4 44. Bc5 g6 45. Qc7+ Kg8 46. Qd8+ {It's checkmate in 3.} 1-0

[Event "2016 Alberta Junior Championship"]
[Site "Edmonton"]
[Date "2016.11.19"]
[Round "2"]
[White "Wu, Chenxi"]
[Black "Fellah, Mohamad"]
[Result "0-1"]
[WhiteElo "1892"]
[BlackElo "2051"]
[PlyCount "94"]
[EventDate "2016.11.19"]
[EventType "tourn"]
[EventRounds "5"]
[EventCountry "CAN"]
[SourceDate "2016.04.20"]

1. e4 c5 2. Nf3 d6 3. d4 cxd4 4. Nxd4 Nf6 5. Nc3 a6 6. g3 e5 7. Nde2 Be7 8. Bg2
O-O 9. O-O b5 10. h3 Nbd7 11. g4 b4 12. Nd5 Nxd5 13. exd5 f5 14. gxf5 Nc5 15.
Be3 Qc7 16. Ng3 Bxf5 17. Nxf5 Rxf5 18. Qg4 Raf8 19. f4 exf4 20. Bxf4 g6 21.
Rae1 a5 22. Qg3 Qd8 {Black is threatening Bh4. White decided to parry the
threat by striking first:} 23. Rxe7 $2 ({Correct is} 23. Qg4 {with a normal
game.}) 23... Qxe7 24. Bxd6 Rxf1+ 25. Bxf1 Qa7 $1 {The refutation.} 26. Qe3 ({
Certainly not} 26. Bxf8 $2 Ne4+ {and the white queen is gone.}) 26... Rc8 $2 {
This justifies White's play.} ({The winning move is} 26... Rxf1+ $1 {with the
idea} 27. Kxf1 Qa6+ 28. Kf2 Qxd6) 27. Bb5 Qb6 28. Bc6 Na4 29. Qxb6 ({The
computer advocates a pawn sacrifice} 29. Kf2 $5 Qxe3+ 30. Kxe3 Nxb2 31. Kd4 {
when the d5-pawn becomes very strong.}) 29... Nxb6 {Now the position is equal
but White misses a trick later on.} 30. Kf2 Kf7 31. b3 Kf6 32. Ke3 $2 ({
He should play} 32. Bf4 {maintaining equality.}) 32... Nxd5+ {That's the trick.
} 33. Bxd5 Rd8 34. Kd4 Rxd6 35. Kc5 Ke5 {And Black went on to win this endgame.
} 36. Bc4 Rd2 37. Bd3 Rh2 38. Kb5 Kd4 39. Kxa5 Kc3 40. Ka4 Rxh3 41. a3 bxa3 42.
Kxa3 g5 43. b4 Rh4 44. b5 h5 45. b6 Rb4 46. Bg6 h4 47. Bd3 Rxb6 0-1